Organización y conflicto. la educación primaria oficial en colombia /
Guardado en:
| Autor Principal: | |
|---|---|
| Formato: | Libro |
| Publicado: |
Estados Unidos de América :
Centro internaciónal de investigaciónes para el desarrollo,
1984
|
| Materias: | |
| Etiquetas: |
Agregar Etiqueta
Sin Etiquetas, Sea el primero en etiquetar este registro!
|
| LEADER | 00717nam a22001935a 4500 | ||
|---|---|---|---|
| 001 | CEM.cems006879 | ||
| 005 | 20060214000000.0 | ||
| 008 | 130507s1984##################000#0#####d | ||
| 003 | CEMS | ||
| 082 | 0 | 4 | |a 370.9861 |
| 100 | 1 | |a Gómez Buendía, Hernando | |
| 245 | 1 | 0 | |a Organización y conflicto. la educación primaria oficial en colombia / |
| 260 | |a Estados Unidos de América : |b Centro internaciónal de investigaciónes para el desarrollo, |c 1984 | ||
| 300 | |a 319 p. | ||
| 505 | 0 | |a El contexto.- Organizaci¢n y conflicto.- Ra¡ces del conflicto.- Los conflictos.- | |
| 653 | |a Colombia-educacion | ||
| 653 | |a Educacion | ||
| 653 | |a Educacion primaria | ||
| 859 | |a CEMS |b BIB. CEMS - 11 de abril |h 370.9861 |i G586 |p 13168.84 |t Ej.1 | ||
